<?xml version="1.0" encoding="UTF-8"?>
<record
    xmlns:xsi="http://www.w3.org/2001/XMLSchema-instance"
    xsi:schemaLocation="http://www.loc.gov/MARC21/slim http://www.loc.gov/standards/marcxml/schema/MARC21slim.xsd"
    xmlns="http://www.loc.gov/MARC21/slim">

  <leader>00712nam a22001937a 4500</leader>
  <controlfield tag="005">20210325174130.0</controlfield>
  <controlfield tag="008">      s2523    th                  tha d</controlfield>
  <datafield tag="041" ind1=" " ind2=" ">
    <subfield code="a">tha</subfield>
  </datafield>
  <datafield tag="050" ind1=" " ind2=" ">
    <subfield code="a">DS583 &#xE1B;271&#xE21;</subfield>
  </datafield>
  <datafield tag="100" ind1="0" ind2=" ">
    <subfield code="a">&#xE1B;&#xE23;&#xE30;&#xE15;&#xE34;&#xE2A;&#xE21;&#xE34;&#xE15;</subfield>
  </datafield>
  <datafield tag="245" ind1="1" ind2="0">
    <subfield code="a">&#xE21;&#xE35;&#xE2D;&#xE30;&#xE44;&#xE23;&#xE43;&#xE19;&#xE2D;&#xE14;&#xE35;&#xE15; (&#xE40;&#xE21;&#xE37;&#xE48;&#xE2D; 60 &#xE1B;&#xE35;&#xE01;&#xE48;&#xE2D;&#xE19;)</subfield>
  </datafield>
  <datafield tag="260" ind1="3" ind2=" ">
    <subfield code="a">&#xE01;&#xE23;&#xE38;&#xE07;&#xE40;&#xE17;&#xE1E;&#xE2F; : </subfield>
    <subfield code="b">&#xE42;&#xE23;&#xE07;&#xE1E;&#xE34;&#xE21;&#xE1E;&#xE4C;&#xE44;&#xE17;&#xE22;&#xE40;&#xE02;&#xE29;&#xE21;, </subfield>
    <subfield code="c">2523</subfield>
  </datafield>
  <datafield tag="300" ind1=" " ind2=" ">
    <subfield code="a">106 &#xE2B;&#xE19;&#xE49;&#xE32;</subfield>
  </datafield>
  <datafield tag="650" ind1="0" ind2="4">
    <subfield code="a">&#xE44;&#xE17;&#xE22; -- &#xE1B;&#xE23;&#xE30;&#xE27;&#xE31;&#xE15;&#xE34;&#xE28;&#xE32;&#xE2A;&#xE15;&#xE23;&#xE4C; -- &#xE01;&#xE23;&#xE38;&#xE07;&#xE23;&#xE31;&#xE15;&#xE19;&#xE42;&#xE01;&#xE2A;&#xE34;&#xE19;&#xE17;&#xE23;&#xE4C; -- &#xE23;&#xE31;&#xE0A;&#xE01;&#xE32;&#xE25;&#xE17;&#xE35;&#xE48; 6</subfield>
  </datafield>
  <datafield tag="850" ind1=" " ind2=" ">
    <subfield code="a">NALT</subfield>
  </datafield>
  <datafield tag="942" ind1=" " ind2=" ">
    <subfield code="c">GB</subfield>
  </datafield>
  <datafield tag="997" ind1=" " ind2=" ">
    <subfield code="c">000000000003233</subfield>
  </datafield>
  <datafield tag="998" ind1=" " ind2=" ">
    <subfield code="a">Narumon Suwan</subfield>
  </datafield>
  <datafield tag="999" ind1=" " ind2=" ">
    <subfield code="c">3233</subfield>
    <subfield code="d">3233</subfield>
  </datafield>
  <datafield tag="952" ind1=" " ind2=" ">
    <subfield code="0">0</subfield>
    <subfield code="1">0</subfield>
    <subfield code="4">0</subfield>
    <subfield code="7">0</subfield>
    <subfield code="8">CGBL</subfield>
    <subfield code="a">NALT</subfield>
    <subfield code="b">NALT</subfield>
    <subfield code="l">0</subfield>
    <subfield code="o">DS 583 &#xE1B;271&#xE21;</subfield>
    <subfield code="p">3961102343</subfield>
    <subfield code="r">2017-06-09 00:00:00</subfield>
    <subfield code="w">2017-06-09</subfield>
    <subfield code="y">GB</subfield>
  </datafield>
</record>
